00469nam a2200157Ia 450000500170000000800410001704000190005804100120007708200160008924500870010526000440019230000110023665000300024770000240027785000100030120221231113749.0131103s9999 xx 000 0 und d aLoreto College aEnglish a822.09bBOG aModern dramab essays in criticism cedited by Travis Bogard and William I. Oliver aNew YorkbOxford University Pressc1965 a393p.  aEnglish drama - criticism aBogard, Travis; ed. aLCLIB